<?xml version="1.0" encoding="UTF-8"?>
<record
    xmlns:xsi="http://www.w3.org/2001/XMLSchema-instance"
    xsi:schemaLocation="http://www.loc.gov/MARC21/slim http://www.loc.gov/standards/marcxml/schema/MARC21slim.xsd"
    xmlns="http://www.loc.gov/MARC21/slim">

  <leader>01239cab a22002174i 4500</leader>
  <controlfield tag="001">768714001</controlfield>
  <controlfield tag="003">CO-MdFUSB</controlfield>
  <controlfield tag="005">20240607104837.0</controlfield>
  <controlfield tag="008">170510s1993    cr ||||| |||| 00| 0 spa d</controlfield>
  <datafield tag="022" ind1=" " ind2=" ">
    <subfield code="a">1409-1968</subfield>
  </datafield>
  <datafield tag="040" ind1=" " ind2=" ">
    <subfield code="a">CO-MdFUSB</subfield>
    <subfield code="b">spa</subfield>
    <subfield code="c">CO-MdFUSB</subfield>
    <subfield code="d">CO-MdFUSB</subfield>
  </datafield>
  <datafield tag="041" ind1=" " ind2=" ">
    <subfield code="a">spa</subfield>
  </datafield>
  <datafield tag="100" ind1="1" ind2=" ">
    <subfield code="a">Deiros, Pablo A. (Alberto) (1945-)</subfield>
    <subfield code="e">autor</subfield>
  </datafield>
  <datafield tag="245" ind1="1" ind2="0">
    <subfield code="a">Un imperio conquistador que no conquist&#xF3; la renovaci&#xF3;n</subfield>
    <subfield code="c">/ Pablo A. Deiros</subfield>
  </datafield>
  <datafield tag="300" ind1=" " ind2=" ">
    <subfield code="a">Volumen 11. N&#xFA;mero 2 (1993), p&#xE1;ginas 28-29</subfield>
    <subfield code="c">: 27 cm.</subfield>
  </datafield>
  <datafield tag="520" ind1=" " ind2=" ">
    <subfield code="a">Hace quinientos a&#xF1;os. Europa estaba cambiando r&#xE1;pidamente y se estaba transformando en algo completamente nuevo, Estos cambios determinaron la nueva modalidad que la Iglesia habr&#xED;a de asumir en el per&#xED;odo por venir: La Edad Moderna.
La Edad Moderna, en Europa, se caracteriz&#xF3; por una serie de cambios de orden cultural, religioso, pol&#xED;tico, geogr&#xE1;fico, los que fueron influidos por un profundo individualismo. Las transformaciones fueron muy evidentes en plano pol&#xED;tico y las monarqu&#xED;as absolutas europeas se impuso a la dela Iglesia.</subfield>
  </datafield>
  <datafield tag="653" ind1=" " ind2=" ">
    <subfield code="a">Conquista</subfield>
  </datafield>
  <datafield tag="773" ind1="0" ind2=" ">
    <subfield code="t">Apuntes Pastorales</subfield>
    <subfield code="0">49442</subfield>
    <subfield code="9">60183</subfield>
    <subfield code="g">Volumen 11. N&#xFA;mero 2 (1993), p&#xE1;ginas 28-29</subfield>
    <subfield code="q">P&#xE1;gina 28</subfield>
  </datafield>
  <datafield tag="942" ind1=" " ind2=" ">
    <subfield code="c">ANA</subfield>
  </datafield>
  <datafield tag="945" ind1=" " ind2=" ">
    <subfield code="a">JTF-925</subfield>
  </datafield>
  <datafield tag="999" ind1=" " ind2=" ">
    <subfield code="c">50703</subfield>
    <subfield code="d">50703</subfield>
  </datafield>
</record>
